Consideraciones sobre las condiciones del suelo de la zona de Grumbein-Punta Alta /
Guardado en:
| Autor Principal: | |
|---|---|
| Otros Autores: | |
| Formato: | Libro |
| Idioma: | Spanish |
| Publicado: |
Bahía Blanca :
Universidad nacional del Sur,
1965.
|
| Etiquetas: |
Agregar Etiqueta
Sin Etiquetas, Sea el primero en etiquetar este registro!
|
| LEADER | 00543nam a22001575a 4500 | ||
|---|---|---|---|
| 001 | EUN.um056810 | ||
| 003 | AR-BaUNS | ||
| 005 | 20050623122925.0 | ||
| 008 | 041125s1965####ag############000#0#spa#d | ||
| 245 | 1 | 0 | |a Consideraciones sobre las condiciones del suelo de la zona de Grumbein-Punta Alta / |c F. Ronald Brown, Hugo Risiga. |
| 260 | |a Bahía Blanca : |b Universidad nacional del Sur, |c 1965. | ||
| 300 | |a 5 h. | ||
| 100 | 1 | |a Brown, F. Ronald. | |
| 700 | 1 | |a Risiga, Hugo. | |
| 082 | 0 | 4 | |a 624.151 |
| 859 | |a Ar-BaUNS |b BIB. CENTRAL - Sector C |h 624.151 |i B813 |k F |p 47551/968 | ||
